[Event "ECU-ch (Women)"]
[Site "Salinas"]
[Date "2019.03.06"]
[Round "2"]
[White "Nunez Giler, Fanny Cecilia"]
[Black "Romero Echeverria, Abigail"]
[Result "1-0"]
[WhiteElo "1700"]
[BlackElo "1989"]
[PlyCount "67"]
[EventDate "2019.03.05"]
[EventType "swiss"]
[EventRounds "9"]
[EventCountry "ECU"]
[SourceTitle "EXT 2020"]
[Source "ChessBase"]
[SourceDate "2019.10.17"]
[SourceVersion "1"]
[SourceVersionDate "2019.10.17"]
[SourceQuality "1"]

1. e4 c5 2. Nf3 g6 3. Nc3 Bg7 4. d4 cxd4 5. Nxd4 Nc6 6. Be3 Nf6 7. Bc4 0-0 8. Bb3 Re8 9. f3 Qa5 10. Qd2 a6 11. h4 h5 12. 0-0-0 d6 13. Kb1 Bd7 14. g4 Rac8 15. gxh5 Nxh5 16. Rdg1 Ne5 17. Bh6 Nc4 18. Bxc4 Rxc4 19. Bxg7 Kxg7 20. Rg5 Qb4 21. Rxh5 Rxc3 22. Qh6+ Kf6 23. Qf4+ Kg7 24. Qh6+ Kf6 25. Qg5+ Kg7 26. Qh6+ Kf6 27. Qf4+ Kg7 28. Rh7+ Kxh7 29. Qxf7+ Kh8 30. h5 g5 31. Nf5 Rg8 32. Nxe7 Rg7 33. Qf8+ Kh7 34. h6 1-0

[Event "ECU-ch (Women)"]
[Site "Salinas"]
[Date "2019.03.05"]
[Round "1"]
[White "Romero Echeverria, Abigail"]
[Black "Ayala Rosero, Ariana Marcela"]
[Result "1-0"]
[WhiteElo "1989"]
[BlackElo "1511"]
[PlyCount "173"]
[EventDate "2019.03.05"]
[EventType "swiss"]
[EventRounds "9"]
[EventCountry "ECU"]
[SourceTitle "EXT 2020"]
[Source "ChessBase"]
[SourceDate "2019.10.17"]
[SourceVersion "1"]
[SourceVersionDate "2019.10.17"]
[SourceQuality "1"]

1. e4 c5 2. Nf3 d6 3. Bb5+ Bd7 4. c4 Nf6 5. Nc3 g6 6. 0-0 Bg7 7. d4 cxd4 8. Nxd4 0-0 9. f3 a6 10. Bxd7 Nbxd7 11. Nce2 Qb6 12. Kh1 Ne5 13. b3 Nfd7 14. Be3 Nc5 15. Qd2 Nc6 16. b4 Na4 17. Rab1 Qc7 18. Rfc1 Nb6 19. c5 dxc5 20. Nxc6 bxc6 21. Bxc5 Rab8 22. Qd3 Qb7 23. Qc2 Rfc8 24. a4 Bf6 25. Bd4 e5 26. Bc5 Be7 27. a5 Na8 28. Qc4 Bxc5 29. Qxc5 Qc7 30. Nc3 Re8 31. Rd1 Rbd8 32. h3 Re6 33. Rxd8+ Qxd8 34. Rd1 Qe8 35. Qa7 Re7 36. Qxa6 Nc7 37. Qb6 Rd7 38. a6 Rxd1+ 39. Nxd1 Qd7 40. Ne3 Nb5 41. Qb8+ Kg7 42. Qxe5+ f6 43. Qc5 Qc7 44. e5 fxe5 45. Ng4 h5 46. Nxe5 Na7 47. f4 Kh7 48. Qf8 Nb5 49. Qf6 Qg7 50. Qxc6 Na7 51. b5 Nxc6 52. Nxc6 Qc7 53. g3 Kg7 54. Kh2 Kf6 55. a7 Qb7 56. g4 hxg4 57. hxg4 Qc8 58. Kg3 Ke6 59. Kh4 Kd6 60. Kg5 Kc5 61. Ne7 Qd8 62. Kxg6 Kxb5 63. f5 Qe8+ 64. Kf6 Ka6 65. g5 Kxa7 66. g6 Qf8+ 67. Ke6 Qh8 68. Kf7 Kb7 69. g7 Qh5+ 70. Kf6 Qh4+ 71. Ke6 Qh6+ 72. f6 Qh3+ 73. Kf7 Qh5+ 74. Kf8 Qh6 75. f7 Kc7 76. Nf5 Qf6 77. g8Q Qd8+ 78. Kg7 Qg5+ 79. Kh7 Qxf5+ 80. Qg6 Qh3+ 81. Kg8 Qb3 82. Qg5 Qe6 83. Kg7 Qd7 84. Qa5+ Kb7 85. Qb4+ Kc8 86. Qc4+ Kd8 87. Kg8 1-0

[Event "Olympiad Women-43"]
[Site "Batumi"]
[Date "2018.10.01"]
[Round "7.33"]
[White "Narva, Triin"]
[Black "Romero Echeverria, Abigail"]
[Result "1/2-1/2"]
[WhiteElo "2113"]
[BlackElo "2034"]
[PlyCount "77"]
[EventDate "2018.09.24"]
[EventType "team-swiss"]
[EventRounds "11"]
[EventCountry "GEO"]
[SourceTitle "EXT 2020"]
[Source "ChessBase"]
[SourceDate "2019.10.17"]
[SourceVersion "1"]
[SourceVersionDate "2019.10.17"]
[SourceQuality "1"]
[WhiteTeam "Estonia (W)"]
[BlackTeam "Ecuador (W)"]
[WhiteTeamCountry "EST"]
[BlackTeamCountry "ECU"]

1. e4 c5 2. Nf3 e6 3. Nc3 a6 4. g3 b5 5. Bg2 Bb7 6. d3 d6 7. 0-0 Nd7 8. Ng5 Ngf6 9. f4 Qb6 10. Qe2 h6 11. Nh3 Be7 12. e5 Nd5 13. Nxd5 Bxd5 14. Bxd5 exd5 15. e6 fxe6 16. Qxe6 Nf6 17. f5 Qb7 18. Nf4 Qd7 19. Nxd5 Qxe6 20. Nc7+ Kd7 21. Nxe6 g6 22. Nf4 gxf5 23. Ng6 Rh7 24. Rxf5 Ng8 25. Bd2 Bf6 26. Raf1 Bd4+ 27. Kg2 Rg7 28. Nf4 Bxb2 29. Nd5 Kc6 30. c4 Raa7 31. Rf8 bxc4 32. dxc4 Ne7 33. Bxh6 Rh7 34. Nxe7+ Raxe7 35. Bf4 Re2+ 36. Kf3 Rexh2 37. Rd8 Rd7 38. Re8 Bd4 39. Re2 1/2-1/2

[Event "Barbera del Valles op 40th"]
[Site "Barbera del Valles"]
[Date "2017.07.09"]
[Round "6"]
[White "Anuj, Shrivatri"]
[Black "Romero Echeverria, Abigail"]
[Result "1-0"]
[WhiteElo "1920"]
[BlackElo "2109"]
[PlyCount "103"]
[EventDate "2017.07.04"]
[EventType "swiss"]
[EventRounds "9"]
[EventCountry "ESP"]
[SourceTitle "EXT 2018"]
[Source "ChessBase"]
[SourceDate "2017.10.13"]
[SourceVersion "1"]
[SourceVersionDate "2017.10.13"]
[SourceQuality "1"]

1. d4 Nf6 2. c4 e6 3. Nf3 d5 4. Nc3 Be7 5. Bf4 0-0 6. e3 b6 7. Bd3 Bb7 8. cxd5 Nxd5 9. Nxd5 Qxd5 10. 0-0 Na6 11. a3 c5 12. Qe2 Nb8 13. dxc5 bxc5 14. Rfd1 Qh5 15. Ne5 Qxe2 16. Bxe2 Bd5 17. Rac1 f6 18. Nc4 Nc6 19. Nd6 Ne5 20. Nc4 Nxc4 21. Bxc4 Rfd8 22. Bc7 Rdc8 23. Ba5 Bd8 24. Bxd5 exd5 25. Bxd8 Rxd8 26. Rxc5 Rdb8 27. b4 a5 28. b5 Rc8 29. Rdxd5 Rxc5 30. Rxc5 Rd8 31. Kf1 Rd3 32. b6 Rb3 33. Rxa5 Rxb6 34. Ra7 h5 35. h4 Rb2 36. Ra5 Ra2 37. g3 Kf7 38. Rxh5 Rxa3 39. Ke2 Kg6 40. Rb5 Kh6 41. g4 Kg6 42. Kf3 Ra2 43. e4 Rc2 44. g5 fxg5 45. hxg5 Ra2 46. Kg3 Kh5 47. f3 Ra6 48. Kf4 Ra8 49. Rd5 g6 50. Rd6 Ra7 51. Rf6 Ra8 52. Rf7 1-0

[Event "Barbera del Valles op 40th"]
[Site "Barbera del Valles"]
[Date "2017.07.04"]
[Round "1"]
[White "Romero Echeverria, Abigail"]
[Black "Cori Tello, Deysi Estella"]
[Result "0-1"]
[WhiteElo "2109"]
[BlackElo "2413"]
[PlyCount "118"]
[EventDate "2017.07.04"]
[EventType "swiss"]
[EventRounds "9"]
[EventCountry "ESP"]
[SourceTitle "EXT 2018"]
[Source "ChessBase"]
[SourceDate "2017.10.13"]
[SourceVersion "1"]
[SourceVersionDate "2017.10.13"]
[SourceQuality "1"]

1. e4 c5 2. Nf3 e6 3. c3 Nf6 4. e5 Nd5 5. d4 cxd4 6. cxd4 d6 7. Nc3 dxe5 8. Nxe5 Bb4 9. Bb5+ Nd7 10. 0-0 Bxc3 11. bxc3 0-0 12. Bxd7 Bxd7 13. Ba3 Re8 14. Qf3 f6 15. Nxd7 Qxd7 16. Bc1 Rac8 17. Bd2 Qc6 18. Rfc1 Qa6 19. h4 Rc4 20. h5 Qc6 21. Rab1 b6 22. Qg3 Qc7 23. Qh3 f5 24. h6 Rc8 25. Rb3 Nf6 26. Re1 Qf7 27. Re5 Ne4 28. Be1 g6 29. Qe3 R8c6 30. d5 exd5 31. f3 Re6 32. Rxd5 Re8 33. Qd3 Nf6 34. Rd8 Rxd8 35. Qxd8+ Qe8 36. Qd2 Qd7 37. Ra3 Qe7 38. Rb3 Rc8 39. Bh4 Qc5+ 40. Kh1 Qd5 41. Qg5 Rc6 42. c4 Qxc4 43. Re3 Kf7 44. Re1 Qd5 45. Qe3 Re6 46. Qf2 Rxe1+ 47. Qxe1 f4 48. Qc3 g5 49. Qc7+ Ke6 50. Bf2 Qd7 51. Qc2 Kf7 52. Be1 g4 53. Bc3 gxf3 54. Bxf6 fxg2+ 55. Kxg2 Kxf6 56. Kf3 Qh3+ 57. Kxf4 Qxh6+ 58. Kf3 Qh5+ 59. Ke3 Qc5+ 0-1

[Event "Olympiad Women-42"]
[Site "Baku"]
[Date "2016.09.05"]
[Round "4.26"]
[White "Romero Echeverria, Abigail"]
[Black "Hng, Mei En Emmanuelle"]
[Result "0-1"]
[WhiteElo "2106"]
[BlackElo "1883"]
[PlyCount "106"]
[EventDate "2016.09.02"]
[EventType "team-swiss"]
[EventRounds "11"]
[EventCountry "AZE"]
[SourceTitle "CBM 174 Extra"]
[Source "ChessBase"]
[SourceDate "2016.10.10"]
[SourceVersion "1"]
[SourceVersionDate "2016.10.10"]
[SourceQuality "1"]
[WhiteTeam "Ecuador (W)"]
[BlackTeam "Singapore (W)"]
[WhiteTeamCountry "ECU"]
[BlackTeamCountry "SIN"]

1. e4 c5 2. Nf3 e6 3. c3 Nf6 4. e5 Nd5 5. d4 Nc6 6. Bc4 Nb6 7. Bd3 cxd4 8. cxd4 d5 9. Nc3 Be7 10. 0-0 Bd7 11. Qe2 0-0 12. h4 Bxh4 13. g3 Be7 14. Kg2 f6 15. exf6 Bxf6 16. Rh1 g6 17. Be3 Qe7 18. Rh6 Rf7 19. Rah1 e5 20. Bxg6 hxg6 21. Bg5 Bg4 22. Rxg6+ Bg7 23. Bxe7 Bxf3+ 24. Qxf3 Rxf3 25. Kxf3 Nxe7 26. Rg5 exd4 27. Ne2 Rf8+ 28. Kg2 Rf5 29. Rg4 Nc6 30. Nf4 Ne5 31. Rgh4 Nec4 32. Nd3 Nd2 33. f4 Nbc4 34. g4 Ne3+ 35. Kf2 Ne4+ 36. Kf3 Rf7 37. Rc1 Nc4 38. b3 Ne5+ 39. Nxe5 Bxe5 40. Rc8+ Kg7 41. f5 Rc7 42. Rxc7+ Bxc7 43. Ke2 Bg3 44. Rh5 Be5 45. Kd1 d3 46. g5 Bf4 47. f6+ Kg8 48. g6 Nc3+ 49. Ke1 d2+ 50. Kf2 d1Q 51. f7+ Kg7 52. Rh7+ Kxg6 53. f8Q Ne4+ 0-1

[Event "ECU pre olympic (Women)"]
[Site "Duran"]
[Date "2016.05.09"]
[Round "1"]
[White "Penafiel Mendoza, Josselyne Stefania"]
[Black "Romero Echeverria, Abigail"]
[Result "0-1"]
[WhiteElo "1747"]
[BlackElo "2110"]
[PlyCount "90"]
[EventDate "2016.05.09"]
[EventType "tourn"]
[EventRounds "11"]
[EventCountry "ECU"]
[SourceTitle "CBM 172 Extra"]
[Source "ChessBase"]
[SourceDate "2016.06.21"]
[SourceVersion "1"]
[SourceVersionDate "2016.06.21"]
[SourceQuality "1"]

1. d4 Nf6 2. Nf3 g6 3. c4 Bg7 4. Nc3 d5 5. cxd5 Nxd5 6. e4 Nxc3 7. bxc3 c5 8. Be3 0-0 9. Qd2 Qa5 10. Bc4 Nc6 11. Rc1 Bg4 12. e5 Bxf3 13. gxf3 Rad8 14. f4 cxd4 15. cxd4 Qxd2+ 16. Kxd2 Nxd4 17. Bxd4 Rxd4+ 18. Ke3 Rfd8 19. Rhg1 Kf8 20. Bb3 Bh6 21. Rg4 Bg7 22. Rgg1 Rd3+ 23. Ke2 Bh6 24. Rg4 e6 25. Rh4 Kg7 26. Rc7 R3d7 27. Rc3 Rd2+ 28. Ke1 R2d3 29. Rc7 R8d7 30. Rxd7 Rxd7 31. Ke2 Rd4 32. Ke3 Rb4 33. Rg4 a5 34. h4 b5 35. h5 a4 36. Bd1 Rb2 37. Be2 b4 38. hxg6 hxg6 39. a3 Rb3+ 40. Bd3 Rxa3 41. Kd4 Rc3 42. Ke4 b3 43. Rg1 a3 44. Kd4 Rc7 45. Bc4 b2 0-1

[Event "Olympiad Women-41"]
[Site "Tromsoe"]
[Date "2014.08.10"]
[Round "8.3"]
[White "Chaves, Joara"]
[Black "Romero Echeverria, Abigail"]
[Result "0-1"]
[WhiteElo "2026"]
[BlackElo "2098"]
[PlyCount "60"]
[EventDate "2014.08.02"]
[EventType "team-swiss"]
[EventRounds "11"]
[EventCountry "NOR"]
[SourceTitle "CBM 162"]
[Source "ChessBase"]
[SourceDate "2014.09.17"]
[SourceVersion "1"]
[SourceVersionDate "2014.09.17"]
[SourceQuality "1"]
[WhiteTeam "Brazil (W)"]
[BlackTeam "Ecuador (W)"]
[WhiteTeamCountry "BRA"]
[BlackTeamCountry "ECU"]

1. e4 c5 2. Nc3 Nc6 3. Bb5 Nd4 4. f4 g6 5. Nf3 Bg7 6. 0-0 a6 7. Bd3 e6 8. Nxd4 cxd4 9. Ne2 d6 10. c3 dxc3 11. bxc3 Qb6+ 12. Kh1 Ne7 13. Bc2 0-0 14. a4 Bd7 15. Ba3 Rfe8 16. Rb1 Qc7 17. Nd4 Rac8 18. Bb3 Nc6 19. Nxc6 Bxc6 20. Qc2 Kh8 21. Rbe1 b5 22. Re3 f5 23. exf5 Qb7 24. Rh3 Bxg2+ 25. Kg1 Bxh3 26. Rf2 Bd4 27. cxd4 Rxc2 28. Bxe6 Ra2 29. Re2 Ra1+ 30. Kf2 Rf1+ 0-1

[Event "Olympiad Women-41"]
[Site "Tromsoe"]
[Date "2014.08.06"]
[Round "5.3"]
[White "Geske, Bruna"]
[Black "Romero Echeverria, Abigail"]
[Result "1/2-1/2"]
[WhiteElo "1759"]
[BlackElo "2098"]
[PlyCount "98"]
[EventDate "2014.08.02"]
[EventType "team-swiss"]
[EventRounds "11"]
[EventCountry "NOR"]
[SourceTitle "CBM 162"]
[Source "ChessBase"]
[SourceDate "2014.09.17"]
[SourceVersion "1"]
[SourceVersionDate "2014.09.17"]
[SourceQuality "1"]
[WhiteTeam "Albania (W)"]
[BlackTeam "Ecuador (W)"]
[WhiteTeamCountry "ALB"]
[BlackTeamCountry "ECU"]

1. e4 c5 2. Nf3 Nc6 3. d4 cxd4 4. Nxd4 e6 5. Be3 Nf6 6. Bd3 a6 7. 0-0 Ne5 8. Nc3 Neg4 9. Qe2 Qc7 10. Nf3 b5 11. Bg5 d6 12. h3 Ne5 13. Nxe5 dxe5 14. Rfd1 Be7 15. a4 b4 16. Na2 Bb7 17. Qe1 0-0 18. Nxb4 h6 19. Bd2 Rfd8 20. Na2 Nd7 21. Nc1 Nc5 22. Ba5 Qc6 23. Bxd8 Rxd8 24. f3 Nxa4 25. Nb3 Nxb2 26. Rdb1 Nxd3 27. cxd3 Qb6+ 28. Qf2 Qd6 29. Na5 Ba8 30. Qe2 Kh7 31. Nb7 Bxb7 32. Rxb7 Qd4+ 33. Kh2 Qxa1 34. Rxe7 Kg8 35. Qc2 Qd4 36. Qc7 Rf8 37. Rd7 Qa1 38. Rd6 a5 39. Ra6 a4 40. Qa5 Qd4 41. Qb5 Rd8 42. Rxa4 Qd6 43. Ra6 Qxd3 44. Qxd3 Rxd3 45. Ra8+ Kh7 46. Ra5 f6 47. Ra6 h5 48. h4 Kg6 49. Rxe6 Kf7 1/2-1/2

[Event "Olympiad Women-41"]
[Site "Tromsoe"]
[Date "2014.08.05"]
[Round "4.2"]
[White "Shvayger, Yuliya"]
[Black "Romero Echeverria, Abigail"]
[Result "1-0"]
[WhiteElo "2275"]
[BlackElo "2098"]
[PlyCount "79"]
[EventDate "2014.08.02"]
[EventType "team-swiss"]
[EventRounds "11"]
[EventCountry "NOR"]
[SourceTitle "CBM 162"]
[Source "ChessBase"]
[SourceDate "2014.09.17"]
[SourceVersion "1"]
[SourceVersionDate "2014.09.17"]
[SourceQuality "1"]
[WhiteTeam "Israel (W)"]
[BlackTeam "Ecuador (W)"]
[WhiteTeamCountry "ISR"]
[BlackTeamCountry "ECU"]

1. e4 c5 2. Nf3 e6 3. Nc3 a6 4. d4 cxd4 5. Nxd4 Qc7 6. Bd3 Nc6 7. Nxc6 dxc6 8. 0-0 e5 9. f4 Nf6 10. f5 Bc5+ 11. Kh1 h5 12. Qf3 Ng4 13. Qg3 Qe7 14. Be2 Bd7 15. Bxg4 hxg4 16. Qxg4 0-0-0 17. Qg3 Rh5 18. Be3 Bxe3 19. Qxe3 Rdh8 20. h3 g5 21. Nd1 g4 22. Nf2 gxh3 23. g4 Rh4 24. Rad1 h2 25. Rd3 c5 26. Rfd1 Bc6 27. Rd6 Qc7 28. Qg3 Qe7 29. f6 Qc7 30. Qxe5 Re8 31. Qxc5 Kb8 32. Qd4 Rhh8 33. Qe3 Qa5 34. Qf4 Ka8 35. g5 Qxa2 36. g6 fxg6 37. f7 Ref8 38. Kg2 Qxf7 39. Rd8+ Ka7 40. Qxf7 1-0

[Event "Capablanca Memorial op-A 48th"]
[Site "Havana"]
[Date "2013.04.25"]
[Round "5"]
[White "Romero Echeverria, Abigail"]
[Black "Leyva Rivera, Yunier"]
[Result "0-1"]
[WhiteElo "2112"]
[BlackElo "2408"]
[PlyCount "70"]
[EventDate "2013.04.21"]
[EventType "swiss"]
[EventRounds "10"]
[EventCountry "CUB"]
[SourceTitle "CBM 154 Extra"]
[Source "ChessBase"]
[SourceDate "2013.06.25"]
[SourceVersion "2"]
[SourceVersionDate "2013.06.25"]
[SourceQuality "1"]

1. e4 e5 2. Nf3 Nc6 3. d4 exd4 4. Nxd4 Bc5 5. Nb3 Bb6 6. Qe2 Nge7 7. Nc3 0-0 8. Be3 d6 9. f3 f5 10. 0-0-0 Kh8 11. h4 Bd7 12. h5 h6 13. Kb1 Qe8 14. Bxb6 axb6 15. g4 fxg4 16. fxg4 Ne5 17. Rg1 Rf4 18. Bh3 Rf3 19. Qg2 Qf7 20. Rdf1 Rf8 21. Nd2 Rxf1+ 22. Rxf1 Qe8 23. Rg1 Qc8 24. Qg3 Rf7 25. Nd1 N7c6 26. c3 Qd8 27. Ne3 Qg5 28. Kc2 Nf3 29. Nxf3 Qxe3 30. Nh4 Rf2+ 31. Kb1 Qd2 32. Ng6+ Kh7 33. Qxf2 Qxf2 34. Rf1 Qe2 35. Rf8 Qd1# 0-1

[Event "Capablanca Memorial op-A 48th"]
[Site "Havana"]
[Date "2013.04.24"]
[Round "4"]
[White "Cuenca Jimenez, Jose Fernando"]
[Black "Romero Echeverria, Abigail"]
[Result "1-0"]
[WhiteElo "2483"]
[BlackElo "2112"]
[PlyCount "59"]
[EventDate "2013.04.21"]
[EventType "swiss"]
[EventRounds "10"]
[EventCountry "CUB"]
[SourceTitle "CBM 154 Extra"]
[Source "ChessBase"]
[SourceDate "2013.06.25"]
[SourceVersion "2"]
[SourceVersionDate "2013.06.25"]
[SourceQuality "1"]

1. e4 c5 2. Nf3 e6 3. g3 b6 4. Bg2 Bb7 5. Nc3 Nc6 6. 0-0 a6 7. a4 Qc7 8. Re1 d6 9. d4 cxd4 10. Nxd4 Nf6 11. Nxc6 Qxc6 12. Nd5 Be7 13. Ra3 exd5 14. exd5 Qd7 15. Rae3 Ng8 16. Qd4 Kf8 17. Qxb6 g6 18. Bd2 Bf6 19. Rb3 Bc8 20. Bf4 Kg7 21. Bxd6 Qa7 22. Re8 Ne7 23. Rxh8 Qxb6 24. Rxb6 Kxh8 25. Bc5 Ng8 26. d6 Ra7 27. Rb8 Rd7 28. Rxc8 Kg7 29. Bc6 Rd8 30. d7 1-0

[Event "Olympiad Women-40"]
[Site "Istanbul"]
[Date "2012.09.05"]
[Round "8.4"]
[White "Romero Echeverria, Abigail"]
[Black "Tlale, Tshepang"]
[Result "1-0"]
[WhiteElo "2109"]
[BlackElo "1782"]
[PlyCount "88"]
[EventDate "2012.08.28"]
[EventType "team-swiss"]
[EventRounds "11"]
[EventCountry "TUR"]
[SourceTitle "CBM 150 Extra"]
[Source "ChessBase"]
[SourceDate "2012.10.19"]
[SourceVersion "1"]
[SourceVersionDate "2012.10.19"]
[SourceQuality "1"]
[WhiteTeam "Ecuador (W)"]
[BlackTeam "South Africa (W)"]
[WhiteTeamCountry "ECU"]
[BlackTeamCountry "RSA"]

1. e4 c5 2. c3 e6 3. d4 d5 4. e5 Nc6 5. Nf3 Bd7 6. Be2 f6 7. exf6 Nxf6 8. 0-0 Bd6 9. c4 Nxd4 10. Nxd4 cxd4 11. cxd5 e5 12. f4 Qc7 13. Na3 e4 14. Nb5 Bxb5 15. Bxb5+ Kf7 16. Kh1 a6 17. Ba4 b5 18. Bb3 Qa7 19. Bd2 Rhe8 20. Ba5 Kg8 21. Rc1 Rac8 22. Rxc8 Rxc8 23. g4 e3 24. g5 Ne4 25. Be1 Qc5 26. Qd3 Re8 27. Kg2 Kh8 28. h4 Bb8 29. a3 Qc8 30. Bd1 Qc4 31. Be2 Qxd5 32. Bf3 Ba7 33. h5 Qe6 34. b4 Nd6 35. Bg3 Qa2+ 36. Be2 Ne4 37. Rc1 Nc3 38. Rc2 Qd5+ 39. Bf3 Qd7 40. Rxc3 Qe6 41. Rc2 Rd8 42. f5 Qe8 43. f6 gxf6 44. Rc7 Qf8 1-0

[Event "Olympiad Women-40"]
[Site "Istanbul"]
[Date "2012.09.01"]
[Round "5.4"]
[White "Olsarova, Tereza"]
[Black "Romero Echeverria, Abigail"]
[Result "1-0"]
[WhiteElo "2241"]
[BlackElo "2109"]
[PlyCount "25"]
[EventDate "2012.08.28"]
[EventType "team-swiss"]
[EventRounds "11"]
[EventCountry "TUR"]
[SourceTitle "CBM 150 Extra"]
[Source "ChessBase"]
[SourceDate "2012.10.19"]
[SourceVersion "1"]
[SourceVersionDate "2012.10.19"]
[SourceQuality "1"]
[WhiteTeam "Czech Republic (W)"]
[BlackTeam "Ecuador (W)"]
[WhiteTeamCountry "CZE"]
[BlackTeamCountry "ECU"]

1. e4 e5 2. Nf3 Nc6 3. d4 exd4 4. Bc4 d6 5. c3 Ne5 6. Nxe5 dxe5 7. Qb3 Qd7 8. 0-0 Bd6 9. cxd4 c6 10. f4 b5 11. Bd3 exd4 12. e5 Bc5 13. f5 1-0

[Event "Olympiad Women-40"]
[Site "Istanbul"]
[Date "2012.08.30"]
[Round "3.4"]
[White "Romero Echeverria, Abigail"]
[Black "Partac, Elena"]
[Result "1-0"]
[WhiteElo "2109"]
[BlackElo "2102"]
[PlyCount "79"]
[EventDate "2012.08.28"]
[EventType "team-swiss"]
[EventRounds "11"]
[EventCountry "TUR"]
[SourceTitle "CBM 150 Extra"]
[Source "ChessBase"]
[SourceDate "2012.10.19"]
[SourceVersion "1"]
[SourceVersionDate "2012.10.19"]
[SourceQuality "1"]
[WhiteTeam "Ecuador (W)"]
[BlackTeam "Moldova (W)"]
[WhiteTeamCountry "ECU"]
[BlackTeamCountry "MDA"]

1. e4 c5 2. c3 Nf6 3. e5 Nd5 4. d4 cxd4 5. Nf3 e6 6. cxd4 d6 7. Bc4 Nc6 8. 0-0 Be7 9. Qe2 0-0 10. a3 Na5 11. Ba2 Qb6 12. Nbd2 Bd7 13. Re1 Bb5 14. Qe4 Qc6 15. h4 Nb6 16. Qg4 Bd3 17. Ne4 Kh8 18. Bb1 Bxb1 19. Rxb1 d5 20. Nc3 Nb3 21. Bg5 Rae8 22. Qh5 Qc4 23. Rbd1 Qc6 24. Rd3 Qc4 25. Red1 a5 26. Nh2 a4 27. Ng4 Nd7 28. Rf3 f5 29. exf6 Nxf6 30. Bxf6 Bxf6 31. Nxf6 gxf6 32. Rxf6 Rxf6 33. Qxe8+ Kg7 34. Qe7+ Rf7 35. Qxe6 Qc6 36. Qe3 Qd7 37. Qe5+ Kg8 38. Nxd5 Qg4 39. Rd3 Qd7 40. Rg3+ 1-0